| 000 | 00616pam a2200193 a 4500 | ||
|---|---|---|---|
| 005 | 20250901165322.0 | ||
| 008 | 910613s1992 nyu 001 0 eng | ||
| 010 | _a 91050593 | ||
| 020 |
_a0812918614 : _c$22.00 ($28.00 Can.) |
||
| 050 | 0 | 0 |
_aHG3853 .K75 1992 _b.K75 1992 |
| 082 | 0 | 0 |
_a332.4/5 _220 |
| 100 | 1 | _aKrieger, Andrew J. | |
| 245 | 1 | 4 |
_aThe money bazaar : _binside the trillion-dollar world of currency trading / _cAndrew J. Krieger with Edward Claflin. |
| 250 | _a1st ed. | ||
| 260 |
_aNew York : _bTimes Books, _cc1992. |
||
| 300 |
_axii, 228 p. ; _c22 cm. |
||
| 500 | _aIncludes index. | ||
| 942 | _2ddc | ||
| 999 |
_c2076 _d2076 |
||